书目信息 |
| 题名: |
接受式音乐治疗方法
|
|
| 作者: | 高天 编著 | |
| 分册: | ||
| 出版信息: | 北京 中国轻工业出版社 2019.05 |
|
| 页数: | 295页 | |
| 开本: | 24cm | |
| 丛书名: | 万千教育 | |
| 单 册: | ||
| 中图分类: | R454.3 | |
| 科图分类: | ||
| 主题词: | 音乐疗法 | |
| 电子资源: | ||
| ISBN: | 978-7-5019-8312-4 | |
| 000 | 00892oam2 2200277 450 | |
| 001 | 0108153902 | |
| 005 | 20210308154401.0 | |
| 010 | @a978-7-5019-8312-4@dCNY38.00 | |
| 100 | @a20110919d2019 ekmy0chiy0121 ea | |
| 101 | 0 | @achi |
| 102 | @aCN@b110000 | |
| 105 | @aak a 000yy | |
| 106 | @ar | |
| 200 | 1 | @a接受式音乐治疗方法@Ajie shou shi yin yue zhi liao fang fa@f高天编著 |
| 210 | @a北京@c中国轻工业出版社@d2019.05 | |
| 215 | @a295页@c图@d24cm | |
| 225 | 2 | @a万千教育@Awan qian jiao yu |
| 320 | @a有书目 (第287-295页) | |
| 330 | @a本书共十八章,内容包括:接受式音乐治疗方法的概况、音乐聆听在疾病治疗中的价值、音乐肌肉渐进放松训练、指导性音乐想象等。 | |
| 333 | @a音乐治疗研究人员及相关读者。 | |
| 461 | 0 | @12001 @a万千教育 |
| 606 | 0 | @a音乐疗法 |
| 690 | @aR454.3@v5 | |
| 701 | 0 | @a高天@Agao tian@4编著 |
| 801 | 0 | @aCN@bBJSZM@c20210308 |
| 905 | @b1271265-8@dR454.3@e136@f4 | |
| 接受式音乐治疗方法/高天编著.-北京:中国轻工业出版社,2019.05 |
| 295页:图;24cm.-(万千教育) |
| 使用对象:音乐治疗研究人员及相关读者。 |
| ISBN 978-7-5019-8312-4:CNY38.00 |
| 本书共十八章,内容包括:接受式音乐治疗方法的概况、音乐聆听在疾病治疗中的价值、音乐肌肉渐进放松训练、指导性音乐想象等。 |
| ● |
| 相关链接 |
|
|
|
|
正题名:接受式音乐治疗方法
索取号:R454.3/136
 
预约/预借
| 序号 | 登录号 | 条形码 | 馆藏地/架位号 | 状态 | 备注 |
| 1 | 1271265 | 212712652 | 第二样本阅览室/ [索取号:R454.3/136] | 在馆 | |
| 2 | 1271266 | 212712661 | 教育系资料室/ [索取号:R454.3/136] | 在馆 | |
| 3 | 1271267 | 212712670 | 教育系资料室/ [索取号:R454.3/136] | 在馆 | |
| 4 | 1271268 | 212712689 | 第三借阅区/ [索取号:R454.3/136] | 在馆 |